000 00613nam a2200181Ia 4500
008 090124s9999 xx 000 0 und d
082 _b20738
_a2372
100 _aजाधव रा. ग.
245 _a साहित्य आणि सामाजिक संदर्भ
250 _a1
260 _c1975
300 _a90
600 _aजाधव रा. ग.
630 _a साहित्य आणि सामाजिक संदर्भ
700 _aजाधव रा. ग.
730 _a साहित्य आणि सामाजिक संदर्भ
942 _cBOOK
999 _c134540
_d134540